United States code service: agriculture 2201-5600 end index title 7 USCS (Record no. 86438)

MARC details
000 -LEADER
fixed length control field 00541nam a2200169Ia 4500
008 - FIXED-LENGTH DATA ELEMENTS--GENERAL INFORMATION
fixed length control field 191130s1992##################000#0#eng##
020 ## - INTERNATIONAL STANDARD BOOK NUMBER
ISBN 9780327130413
082 ## - DEWEY DECIMAL CLASSIFICATION NUMBER
Classification number 348.7323 UNI.7
245 ## - TITLE STATEMENT
Title United States code service: agriculture 2201-5600 end index title 7 USCS
Statement of responsibility, etc United States
260 ## - PUBLICATION, DISTRIBUTION, ETC. (IMPRINT)
Place of publication New York
Name of publisher Lawyers Cooperative, LexisNexis
Year of publication 1992
300 ## - PHYSICAL DESCRIPTION
Number of Pages xix,783p; 24cm
650 ## - SUBJECT ADDED ENTRY--TOPICAL TERM
Topical Term Law
991 ## -
-- 376730
Holdings
Withdrawn status Lost status Damaged status Not for loan Home library Current library Shelving location Date acquired Full call number Accession Number Price effective from Koha item type
        Anna Centenary Library Anna Centenary Library 4TH FLOOR, A WING 09.10.2020 348.7323 UNI.7 478867 09.10.2020 English Books
        Anna Centenary Library Anna Centenary Library 4TH FLOOR, A WING 09.10.2020 348.7323 UNI.7 478873 09.10.2020 English Books
        Anna Centenary Library Anna Centenary Library 4TH FLOOR, A WING 09.10.2020 348.7323 UNI.7 478875 09.10.2020 English Books
        Anna Centenary Library Anna Centenary Library 4TH FLOOR, A WING 09.10.2020 348.7323 UNI.7 478876 09.10.2020 English Books
        Anna Centenary Library Anna Centenary Library 4TH FLOOR, A WING 09.10.2020 348.7323 UNI.7 478877 09.10.2020 English Books

Find us on the map